Statistics for Sports Terms Quiz #1

Click here to take the quiz!

General Stats

  • This quiz has been taken 120,710 times
    (89,788 since last reset)
  • The average score is 14 of 22

Answer Stats

Term Sport % Correct
PuckIce Hockey
96%
Corner KickSoccer
91%
Stiff ArmFootball
89%
BogeyGolf
89%
UppercutBoxing
88%
BackstrokeSwimming
87%
ShuttlecockBadminton
83%
Pick & RollBasketball
82%
ScrumRugby
73%
SuplexWrestling
71%
Suicide SqueezeBaseball
67%
GroundstrokeTennis
62%
OllieSkateboarding
61%
TurkeyBowling
61%
Double AxelFigure Skating
57%
ÉpéeFencing
42%
PelotonCycling
42%
YokozunaSumo
36%
CoxswainRowing
36%
Penhold GripTable Tennis
30%
Ceiling ShotRacquetball
16%
HuckUltimate Frisbee
6%

Score Distribution

Percentile by Number Answered

Percent of People with Each Score

Your Score History

You have not taken this quiz since the last reset